F. G. Dinters ausgewèahlte pèadagogische Schriften / (Record no. 150744)

MARC details
000 -LEADER
campo de control de longitud fija 00659nam a2200205 i 4500
001 - NÚMERO DE CONTROL
campo de control 150744
003 - IDENTIFICADOR DE NÚMERO DE CONTROL
campo de control ES-MaACL
005 - FECHA Y HORA DE LA ÚLTIMA TRANSACCIÓN
campo de control 20230906203655.0
007 - CAMPO FIJO DE DESCRIPCIÓN FÍSICA--INFORMACIÓN GENERAL
campo de control de longitud fija t|
008 - DATOS DE LONGITUD FIJA--INFORMACIÓN GENERAL
campo de control de longitud fija 071107s1887 gw ||||1| ger d
100 1# - ENTRADA PRINCIPAL--NOMBRE DE PERSONA
Nombre de persona Dinter, Gustav Friedrich.
9 (RLIN) 44845
245 10 - MENCIÓN DEL TÍTULO
Título F. G. Dinters ausgewèahlte pèadagogische Schriften /
Mención de responsabilidad, etc. Mit Einl. u. Anm. hrsg. v. Friedrich Seidel.
260 ## - PUBLICACIÓN, DISTRIBUCIÓN, ETC.
Lugar de publicación, distribución, etc. Langensalza :
Nombre del editor, distribuidor, etc. Beyer,
Fecha de publicación, distribución, etc. 1881.
300 ## - DESCRIPCIÓN FÍSICA
Extensión 2 v. ;
Dimensiones 22 cm.
490 1# - MENCIÓN DE SERIE
Mención de serie Bibliothek pèadagogischer klassiker
700 1# - ENTRADA AGREGADA--NOMBRE PERSONAL
Nombre de persona Seidel, Friedrich.
9 (RLIN) 105242
830 0# - PUNTO DE ACCESO ADICIONAL DE SERIE-TÍTULO UNIFORME
Título uniforme Bibliothek pèadagogischer klassiker
9 (RLIN) 182509
852 ## - LOCALIZACIÓN
Ubicación ES-MaACL
Número de control de estantería G-15173-4
Holdings
Estatus retirado Estado de pérdida Estado de daño No para préstamo Colección Biblioteca de origen Biblioteca actual Ubicación en estantería Fecha de adquisición Fuente de adquisición Total de préstamos Signatura topográfica completa Código de barras Visto por última vez Precio de reemplazo Tipo de ítem Koha
        Libros del s. XIX Biblioteca del Ateneo de Madrid Biblioteca del Ateneo de Madrid Sala Pecera Planta 3 17/01/2008     G-15173-4 1157293 23/02/2023 23/02/2023 Libro impreso antiguo